[Event "V4 OPEN - International Championship of Slovakia 2
[Site "Banska Stiavnica"]
[Date "2013.07.10"]
[Round "5"]
[Board "85"]
[White "Hurton, Dusan"]
[Black "Sedlacek, Richard"]
[Result "1-0"]
[WhiteElo "1471"]
[BlackElo "1628"]
[PlyCount "0"]
[EventDate "2013.07.06"]
[EventRounds "9"]
[EventCountry "SVK"]

1. e4 {[%clk 1:25:20]} e5 {[%clk 1:30:52]} 2. Bc4 {[%clk 1:24:34]} Nf6
{[%clk 1:30:38]} 3. Nc3 {[%clk 1:24:06]} c6 {[%clk 1:30:03]} 4. Nf3
{[%clk 1:17:03]} b5 {[%clk 1:28:15]} 5. Bb3 {[%clk 1:15:33]} h6 {[%clk 1:28:09]}
6. Nxe5 {[%clk 1:13:26]} d5 {[%clk 1:25:55]} 7. exd5 {[%clk 1:12:01]} Bd6
{[%clk 1:24:30]} 8. Nxc6 {[%clk 1:11:08]} Nxc6 {[%clk 1:23:46]} 9. dxc6
{[%clk 1:11:20]} O-O {[%clk 1:22:43]} 10. O-O {[%clk 1:09:55]} Qc7
{[%clk 1:20:10]} 11. h3 {[%clk 1:03:56]} Ba6 {[%clk 1:16:05]} 12. Nd5
{[%clk 1:00:11]} Nxd5 {[%clk 1:14:46]} 13. Bxd5 {[%clk 1:00:36]} Rad8
{[%clk 1:13:55]} 14. Qf3 {[%clk 0:54:42]} Rde8 {[%clk 1:12:06]} 15. d3
{[%clk 0:52:15]} Re7 {[%clk 1:12:01]} 16. Bd2 {[%clk 0:50:28]} Kh7
{[%clk 1:06:27]} 17. Rfe1 {[%clk 0:46:44]} Bc8 {[%clk 1:02:56]} 18. Rxe7
{[%clk 0:45:00]} Bxe7 {[%clk 1:02:07]} 19. Re1 {[%clk 0:45:12]} Bf6
{[%clk 0:59:34]} 20. c3 {[%clk 0:40:34]} Qd8 {[%clk 0:46:53]} 21. d4
{[%clk 0:34:52]} Re8 {[%clk 0:43:17]} 22. Rxe8 {[%clk 0:30:57]} Qxe8
{[%clk 0:41:43]} 23. Qd3+ {[%clk 0:27:53]} g6 {[%clk 0:39:36]} 24. Qxb5
{[%clk 0:27:59]} Bd8 {[%clk 0:30:55]} 25. Qd3 {[%clk 0:24:43]} Bc7
{[%clk 0:28:59]} 26. Qe3 {[%clk 0:24:18]} Qf8 {[%clk 0:26:22]} 27. Qf3
{[%clk 0:23:08]} f5 {[%clk 0:23:38]} 28. Bf4 {[%clk 0:22:41]} Bxf4
{[%clk 0:19:49]} 29. Qxf4 {[%clk 0:23:03]} h5 {[%clk 0:15:05]} 30. Qe3
{[%clk 0:21:44]} Qd6 {[%clk 0:14:30]} 31. Qe5 {[%clk 0:18:56]} Qf8
{[%clk 0:13:33]} 32. Qc7+ {[%clk 0:17:50]} Kh6 {[%clk 0:13:08]} 33. Qxa7
{[%clk 0:17:15]} Qd6 {[%clk 0:12:27]} 34. Qf7 {[%clk 0:16:03]} Ba6
{[%clk 0:10:45]} 35. Qe6 {[%clk 0:15:01]} Qb8 {[%clk 0:09:59]} 36. b3
{[%clk 0:14:21]} Qf4 {[%clk 0:09:46]} 37. Qe3 {[%clk 0:14:30]} Qxe3
{[%clk 0:08:48]} 38. fxe3 {[%clk 0:14:51]} Bc8 {[%clk 0:08:22]} 39. b4
{[%clk 0:14:59]} Ba6 {[%clk 0:08:15]} 40. Be6 {[%clk 0:15:11]} Kg7
{[%clk 0:08:19]} 41. c7 {[%clk 0:15:28]} Kf6 {[%clk 0:08:11]} 42. c8=Q
{[%clk 0:15:34]} Bxc8 {[%clk 0:08:24]} 43. Bxc8 {[%clk 0:15:59]} Ke7
{[%clk 0:08:26]} 44. c4 {[%clk 0:16:14]} Kd6 {[%clk 0:08:35]} 45. Kf2
{[%clk 0:16:16]} Kc7 {[%clk 0:08:33]} 46. Be6 {[%clk 0:16:36]} Kd6
{[%clk 0:08:51]} 47. Bf7 {[%clk 0:16:45]} g5 {[%clk 0:09:04]} 48. Bxh5
{[%clk 0:17:09]} f4 {[%clk 0:09:15]} 49. exf4 {[%clk 0:17:16]} gxf4
{[%clk 0:09:31]} 50. Kf3 {[%clk 0:17:37]} Kc6 {[%clk 0:09:31]} 51. Kxf4
{[%clk 0:17:59]} Kd6 {[%clk 0:09:50]} 52. Kf5 {[%clk 0:18:13]} Kc6
{[%clk 0:09:56]} 53. g4 {[%clk 0:18:35]} Kd6 {[%clk 0:10:08]} 54. Kf6
{[%clk 0:18:55]} Kc6 {[%clk 0:10:25]} 55. Bf7 {[%clk 0:19:12]} Kd7
{[%clk 0:10:36]} 56. g5 {[%clk 0:19:28]} Kd6 {[%clk 0:10:50]} 57. g6
{[%clk 0:19:45]} Kd7 {[%clk 0:11:09]} 58. g7 {[%clk 0:20:02]} Kd6
{[%clk 0:11:29]} 59. Bd5 {[%clk 0:20:11]} Kd7 {[%clk 0:11:35]} 60. g8=Q
{[%clk 0:20:26]} Kc7 {[%clk 0:11:44]} 1-0

[Event "V4 OPEN - International Championship of Slovakia 2
[Site "Banska Stiavnica"]
[Date "2013.07.10"]
[Round "5"]
[Board "86"]
[White "Rendla, Karol"]
[Black "Zicho, Tony"]
[Result "0-1"]
[WhiteElo "1453"]
[BlackElo "1618"]
[PlyCount "58"]
[EventDate "2013.07.06"]
[EventRounds "9"]
[EventCountry "SVK"]

1. e4 c6 2. Nf3 d5 3. exd5 cxd5 4. Bb5+ Bd7 5. Nc3 Bxb5 6. Nxb5 e6 7. O-O a6 8.
Nc3 Nf6 9. d4 Qc7 10. Ne5 Bd6 11. f4 Nc6 12. Ne2 O-O 13. c3 Ne4 14. Qd3 f6 15.
Nxc6 bxc6 16. Ng3 f5 17. Qf3 Rab8 18. a3 c5 19. b4 cxd4 20. cxd4 a5 21. Be3
axb4 22. axb4 Rxb4 23. Rfc1 Qb8 24. Nf1 Rb2 25. g3 Qb3 26. Qd1 Qb4 27. Ra4 Qb5
28. Raa1 Rb8 29. Qa4 Qe2 0-1

[Event "V4 OPEN - International Championship of Slovakia 2
[Site "Banska Stiavnica"]
[Date "2013.07.11"]
[Round "6"]
[Board "1"]
[White "Banusz, Tamas"]
[Black "Markos, Jan"]
[Result "1/2-1/2"]
[WhiteElo "2588"]
[BlackElo "2580"]
[PlyCount "0"]
[EventDate "2013.07.06"]
[EventRounds "9"]
[EventCountry "SVK"]

1. Nf3 {[%clk 1:30:57]} Nf6 {[%clk 1:30:56]} 2. c4 {[%clk 1:31:22]} e6
{[%clk 1:31:22]} 3. g3 {[%clk 1:31:45]} a6 {[%clk 1:31:48]} 4. Bg2
{[%clk 1:31:59]} b5 {[%clk 1:32:04]} 5. b3 {[%clk 1:32:23]} Bb7 {[%clk 1:32:09]}
6. Nc3 {[%clk 1:32:29]} b4 {[%clk 1:31:47]} 7. Na4 {[%clk 1:32:51]} a5
{[%clk 1:25:53]} 8. O-O {[%clk 1:32:21]} Be7 {[%clk 1:26:16]} 9. d4
{[%clk 1:31:06]} O-O {[%clk 1:16:19]} 10. a3 {[%clk 1:29:18]} Na6
{[%clk 1:14:35]} 11. axb4 {[%clk 1:26:48]} Nxb4 {[%clk 1:14:45]} 12. Bg5
{[%clk 1:24:17]} h6 {[%clk 1:03:31]} 13. Bxf6 {[%clk 1:23:13]} Bxf6
{[%clk 1:03:55]} 14. Qd2 {[%clk 1:20:15]} Qe7 {[%clk 0:56:53]} 15. Rfe1
{[%clk 1:14:43]} Bxf3 {[%clk 0:46:16]} 16. Bxf3 {[%clk 1:13:01]} c6
{[%clk 0:45:23]} 17. e4 {[%clk 1:07:22]} e5 {[%clk 0:44:32]} 18. dxe5
{[%clk 0:59:45]} Bxe5 {[%clk 0:44:15]} 1/2-1/2

[Event "V4 OPEN - International Championship of Slovakia 2
[Site "Banska Stiavnica"]
[Date "2013.07.11"]
[Round "6"]
[Board "4"]
[White "Petrik, Tomas"]
[Black "Bokros, Albert"]
[Result "1-0"]
[WhiteElo "2512"]
[BlackElo "2439"]
[PlyCount "0"]
[EventDate "2013.07.06"]
[EventRounds "9"]
[EventCountry "SVK"]

1. e4 {[%clk 1:25:49]} c5 {[%clk 1:25:43]} 2. Nf3 {[%clk 1:26:11]} e6
{[%clk 1:25:55]} 3. d4 {[%clk 1:26:25]} cxd4 {[%clk 1:26:20]} 4. Nxd4
{[%clk 1:26:50]} Nf6 {[%clk 1:26:05]} 5. Nc3 {[%clk 1:27:12]} d6 {[%clk 1:26:31]}
6. Be2 {[%clk 1:26:25]} a6 {[%clk 1:26:33]} 7. a4 {[%clk 1:25:20]} b6
{[%clk 1:23:58]} 8. Bf3 {[%clk 1:22:41]} Ra7 {[%clk 1:21:52]} 9. Be3
{[%clk 1:21:32]} Rc7 {[%clk 1:19:08]} 10. a5 {[%clk 1:16:01]} b5 {[%clk 1:02:42]}
11. O-O {[%clk 1:13:08]} Be7 {[%clk 0:53:35]} 12. Ndxb5 {[%clk 0:56:04]} axb5
{[%clk 0:53:09]} 13. Nxb5 {[%clk 0:56:22]} Ba6 {[%clk 0:47:23]} 14. Nxc7+
{[%clk 0:53:52]} Qxc7 {[%clk 0:47:47]} 15. Re1 {[%clk 0:54:05]} O-O
{[%clk 0:45:52]} 16. c3 {[%clk 0:48:52]} Nbd7 {[%clk 0:40:57]} 17. Qc2
{[%clk 0:12:04]} Rc8 {[%clk 0:33:36]} 18. b4 {[%clk 0:05:19]} Ne5
{[%clk 0:24:33]} 19. Be2 {[%clk 0:05:41]} Nc4 {[%clk 0:23:57]} 20. Bb6
{[%clk 0:03:35]} Qc6 {[%clk 0:21:57]} 21. f3 {[%clk 0:03:31]} e5 {[%clk 0:15:51]}
22. Bf2 {[%clk 0:03:46]} h6 {[%clk 0:13:45]} 23. Bf1 {[%clk 0:02:44]} g5
{[%clk 0:12:13]} 24. Reb1 {[%clk 0:02:14]} Rb8 {[%clk 0:10:42]} 25. Qa2
{[%clk 0:02:07]} Bb5 {[%clk 0:04:15]} 26. a6 {[%clk 0:02:14]} Ra8
{[%clk 0:04:20]} 27. a7 {[%clk 0:02:38]} Bd8 {[%clk 0:03:48]} 28. Bxc4
{[%clk 0:00:43]} Bxc4 {[%clk 0:04:10]} 29. b5 {[%clk 0:00:35]} Qc8
{[%clk 0:01:25]} 30. Qa4 {[%clk 0:00:42]} d5 {[%clk 0:01:37]} 31. b6
{[%clk 0:00:59]} Qb7 {[%clk 0:01:57]} 32. exd5 {[%clk 0:01:17]} Bxd5
{[%clk 0:02:01]} 33. c4 {[%clk 0:01:25]} Bc6 {[%clk 0:00:39]} 34. Qxc6
{[%clk 0:00:34]} Qxc6 {[%clk 0:01:01]} 35. b7 {[%clk 0:01:01]} Rxa7
{[%clk 0:00:38]} 36. b8=Q {[%clk 0:01:04]} Rd7 {[%clk 0:00:41]} 37. Rd1
{[%clk 0:01:11]} Kg7 {[%clk 0:00:53]} 38. Rxd7 {[%clk 0:00:46]} Qxd7
{[%clk 0:01:16]} 39. Qxe5 {[%clk 0:00:56]} Bc7 {[%clk 0:01:38]} 40. Qd4
{[%clk 0:00:41]} Qf5 {[%clk 0:01:45]} 41. Bg3 {[%clk 0:26:42]} 1-0

[Event "V4 OPEN - International Championship of Slovakia 2
[Site "Banska Stiavnica"]
[Date "2013.07.11"]
[Round "6"]
[Board "5"]
[White "Leniart, Arkadiusz"]
[Black "Repka, Christopher"]
[Result "1/2-1/2"]
[WhiteElo "2473"]
[BlackElo "2361"]
[PlyCount "0"]
[EventDate "2013.07.06"]
[EventRounds "9"]
[EventCountry "SVK"]

1. Nf3 {[%clk 1:30:27]} Nf6 {[%clk 1:30:08]} 2. c4 {[%clk 1:29:49]} b6
{[%clk 1:30:29]} 3. g3 {[%clk 1:30:10]} Bb7 {[%clk 1:30:55]} 4. Bg2
{[%clk 1:30:22]} e6 {[%clk 1:31:22]} 5. O-O {[%clk 1:30:41]} Be7 {[%clk 1:31:49]}
6. b3 {[%clk 1:26:57]} O-O {[%clk 1:31:55]} 7. Bb2 {[%clk 1:27:23]} d6
{[%clk 1:31:33]} 8. d4 {[%clk 1:27:10]} Nbd7 {[%clk 1:31:31]} 9. Nc3
{[%clk 1:21:54]} Ne4 {[%clk 1:30:56]} 10. d5 {[%clk 1:19:49]} Nxc3
{[%clk 1:29:08]} 11. Bxc3 {[%clk 1:19:57]} Bf6 {[%clk 1:17:26]} 12. Nd4
{[%clk 1:16:55]} Bxd4 {[%clk 1:16:45]} 13. Qxd4 {[%clk 1:16:58]} e5
{[%clk 1:17:02]} 14. Qd2 {[%clk 1:12:15]} f5 {[%clk 1:16:37]} 15. f4
{[%clk 1:12:25]} e4 {[%clk 1:14:04]} 16. g4 {[%clk 1:07:48]} fxg4
{[%clk 1:11:37]} 17. Bxe4 {[%clk 1:06:15]} Qh4 {[%clk 1:11:34]} 18. Bg2
{[%clk 1:02:34]} Nf6 {[%clk 1:07:45]} 19. e4 {[%clk 0:58:36]} g3 {[%clk 1:05:53]}
20. hxg3 {[%clk 0:55:49]} Qxg3 {[%clk 1:06:21]} 21. Qe1 {[%clk 0:40:10]} Nxe4
{[%clk 0:57:45]} 22. Bxg7 {[%clk 0:29:04]} Qxg7 {[%clk 0:49:10]} 23. Qxe4
{[%clk 0:29:15]} Rae8 {[%clk 0:47:15]} 24. Qf3 {[%clk 0:29:40]} Bc8
{[%clk 0:47:30]} 25. Rae1 {[%clk 0:28:58]} Qd4+ {[%clk 0:38:43]} 26. Kh2
{[%clk 0:26:20]} Rxe1 {[%clk 0:37:38]} 27. Qg3+ {[%clk 0:26:40]} Kh8
{[%clk 0:35:39]} 1/2-1/2

[Event "V4 OPEN - International Championship of Slovakia 2
[Site "Banska Stiavnica"]
[Date "2013.07.11"]
[Round "6"]
[Board "6"]
[White "Jurcik, Martin"]
[Black "Likavsky, Tomas"]
[Result "1/2-1/2"]
[WhiteElo "2358"]
[BlackElo "2458"]
[PlyCount "0"]
[EventDate "2013.07.06"]
[EventRounds "9"]
[EventCountry "SVK"]

1. e4 {[%clk 1:29:00]} c5 {[%clk 1:30:45]} 2. Nf3 {[%clk 1:29:14]} d6
{[%clk 1:28:52]} 3. d4 {[%clk 1:28:29]} cxd4 {[%clk 1:29:07]} 4. Nxd4
{[%clk 1:28:52]} Nf6 {[%clk 1:29:33]} 5. Nc3 {[%clk 1:29:05]} Nc6
{[%clk 1:29:56]} 6. Bc4 {[%clk 1:28:01]} e6 {[%clk 1:30:14]} 7. Be3
{[%clk 1:27:26]} a6 {[%clk 1:28:35]} 8. Bb3 {[%clk 1:26:31]} Na5 {[%clk 1:28:52]}
9. f4 {[%clk 1:25:24]} b5 {[%clk 1:21:41]} 10. e5 {[%clk 1:23:24]} dxe5
{[%clk 1:21:42]} 11. fxe5 {[%clk 1:23:44]} Nxb3 {[%clk 1:22:07]} 12. axb3
{[%clk 1:24:02]} b4 {[%clk 1:22:17]} 13. exf6 {[%clk 1:24:09]} bxc3
{[%clk 1:22:42]} 14. fxg7 {[%clk 1:23:15]} Bxg7 {[%clk 1:23:07]} 15. bxc3
{[%clk 1:23:36]} Qh4+ {[%clk 1:23:14]} 16. Bf2 {[%clk 1:23:58]} Qe4+
{[%clk 1:23:12]} 17. Qe2 {[%clk 1:24:17]} Bb7 {[%clk 1:23:18]} 18. Qxe4
{[%clk 1:24:27]} Bxe4 {[%clk 1:23:46]} 19. O-O {[%clk 1:24:45]} Rg8
{[%clk 1:13:27]} 20. g3 {[%clk 1:24:58]} Ke7 {[%clk 1:13:11]} 21. Ra2
{[%clk 1:22:56]} e5 {[%clk 1:09:52]} 22. Ne2 {[%clk 1:11:26]} Bh6
{[%clk 1:08:18]} 23. c4 {[%clk 1:07:16]} Bd2 {[%clk 1:06:55]} 24. Be1
{[%clk 1:04:20]} Be3+ {[%clk 0:58:42]} 25. Bf2 {[%clk 1:04:36]} Bd2
{[%clk 0:59:04]} 26. Be1 {[%clk 1:01:50]} Be3+ {[%clk 0:58:25]} 1/2-1/2

[Event "V4 OPEN - International Championship of Slovakia 2
[Site "Banska Stiavnica"]
[Date "2013.07.11"]
[Round "6"]
[Board "7"]
[White "Korpa, Bence"]
[Black "Aczel, Gergely"]
[Result "1/2-1/2"]
[WhiteElo "2308"]
[BlackElo "2451"]
[PlyCount "0"]
[EventDate "2013.07.06"]
[EventRounds "9"]
[EventCountry "SVK"]

1. c4 {[%clk 1:30:58]} e6 {[%clk 1:30:48]} 2. e4 {[%clk 1:30:53]} b6
{[%clk 1:29:34]} 3. Nc3 {[%clk 1:30:38]} Bb7 {[%clk 1:29:59]} 4. d3
{[%clk 1:30:03]} d5 {[%clk 1:26:01]} 5. exd5 {[%clk 1:17:22]} exd5
{[%clk 1:26:25]} 6. Be2 {[%clk 1:11:51]} dxc4 {[%clk 1:05:05]} 7. Bf3
{[%clk 1:10:57]} c6 {[%clk 1:02:22]} 8. dxc4 {[%clk 1:08:27]} Qxd1+
{[%clk 1:02:40]} 9. Nxd1 {[%clk 1:07:42]} Nd7 {[%clk 0:58:54]} 10. Nc3
{[%clk 1:04:28]} Ne5 {[%clk 0:50:30]} 11. Be2 {[%clk 1:03:38]} c5
{[%clk 0:40:46]} 12. Nf3 {[%clk 1:03:01]} Nxf3+ {[%clk 0:40:59]} 13. Bxf3
{[%clk 1:03:18]} Bxf3 {[%clk 0:41:26]} 14. gxf3 {[%clk 1:03:37]} O-O-O
{[%clk 0:41:09]} 15. Be3 {[%clk 0:53:21]} Ne7 {[%clk 0:38:44]} 16. Ke2
{[%clk 0:52:35]} Nc6 {[%clk 0:34:48]} 17. Rad1 {[%clk 0:51:27]} Bd6
{[%clk 0:32:42]} 18. f4 {[%clk 0:47:04]} Ne7 {[%clk 0:23:09]} 19. Kf3
{[%clk 0:38:58]} Bc7 {[%clk 0:18:59]} 20. Ne4 {[%clk 0:37:16]} h6
{[%clk 0:16:08]} 21. Rhg1 {[%clk 0:35:03]} Rxd1 {[%clk 0:15:11]} 22. Rxd1
{[%clk 0:35:26]} Rd8 {[%clk 0:13:02]} 23. Rxd8+ {[%clk 0:33:56]} Kxd8
{[%clk 0:13:23]} 24. Bd2 {[%clk 0:34:05]} Kd7 {[%clk 0:09:00]} 25. Bc3
{[%clk 0:34:10]} f5 {[%clk 0:07:13]} 26. Ng3 {[%clk 0:33:09]} g6 {[%clk 0:07:40]}
27. Nf1 {[%clk 0:32:48]} Ke6 {[%clk 0:07:18]} 28. Bg7 {[%clk 0:31:36]} g5
{[%clk 0:05:27]} 29. Bxh6 {[%clk 0:28:26]} Bxf4 {[%clk 0:05:38]} 30. h4
{[%clk 0:27:06]} Kf6 {[%clk 0:05:56]} 31. Ng3 {[%clk 0:21:56]} Kg6
{[%clk 0:04:46]} 32. Bxg5 {[%clk 0:21:02]} Bxg5 {[%clk 0:05:13]} 33. hxg5
{[%clk 0:21:20]} Kxg5 {[%clk 0:05:41]} 34. Ne2 {[%clk 0:20:57]} Nc6
{[%clk 0:06:09]} 35. Ke3 {[%clk 0:20:29]} Nb4 {[%clk 0:05:24]} 36. a3
{[%clk 0:19:47]} Nc6 {[%clk 0:05:51]} 37. b3 {[%clk 0:19:36]} Na5
{[%clk 0:05:53]} 38. Nc1 {[%clk 0:19:58]} Nc6 {[%clk 0:04:16]} 39. Ne2
{[%clk 0:20:18]} Na5 {[%clk 0:04:44]} 40. Nc1 {[%clk 0:20:37]} Kg4
{[%clk 0:04:47]} 41. f3+ {[%clk 0:15:45]} Kg5 {[%clk 0:05:00]} 42. Kf2
{[%clk 0:14:05]} f4 {[%clk 0:03:53]} 43. b4 {[%clk 0:13:05]} cxb4
{[%clk 0:27:13]} 44. axb4 {[%clk 0:44:28]} Nxc4 {[%clk 0:27:41]} 45. Nd3
{[%clk 0:44:15]} Kf5 {[%clk 0:26:47]} 46. Ke2 {[%clk 0:39:53]} Ne5
{[%clk 0:27:04]} 47. Ne1 {[%clk 0:39:59]} Nc6 {[%clk 0:20:48]} 48. Nc2
{[%clk 0:39:15]} Ke5 {[%clk 0:19:38]} 49. Kd3 {[%clk 0:38:54]} Kd5
{[%clk 0:19:54]} 50. Kc3 {[%clk 0:38:56]} a6 {[%clk 0:12:56]} 51. Ne1
{[%clk 0:37:38]} Nd4 {[%clk 0:08:56]} 52. Nd3 {[%clk 0:37:03]} Ne6
{[%clk 0:09:19]} 53. Ne1 {[%clk 0:36:56]} Nf8 {[%clk 0:08:19]} 54. Ng2
{[%clk 0:35:58]} Ng6 {[%clk 0:08:48]} 55. Kd3 {[%clk 0:35:20]} b5
{[%clk 0:07:02]} 56. Kc3 {[%clk 0:34:31]} Ke5 {[%clk 0:07:28]} 57. Ne1
{[%clk 0:33:21]} Nh4 {[%clk 0:04:37]} 58. Kd3 {[%clk 0:33:13]} Nf5
{[%clk 0:03:46]} 59. Kc3 {[%clk 0:32:44]} Nd6 {[%clk 0:02:55]} 60. Nd3+
{[%clk 0:31:48]} Kf5 {[%clk 0:03:24]} 61. Kd4 {[%clk 0:31:07]} Nc4
{[%clk 0:03:37]} 62. Ne1 {[%clk 0:30:31]} Nd2 {[%clk 0:02:46]} 63. Kc5
{[%clk 0:30:03]} Ke5 {[%clk 0:02:39]} 64. Nd3+ {[%clk 0:29:54]} Kf5
{[%clk 0:02:50]} 65. Ne1 {[%clk 0:30:01]} Ke5 {[%clk 0:02:26]} 1/2-1/2

[Event "V4 OPEN - International Championship of Slovakia 2
[Site "Banska Stiavnica"]
[Date "2013.07.11"]
[Round "6"]
[Board "9"]
[White "Lanc, Alois"]
[Black "Oszczanowski, Witold"]
[Result "1/2-1/2"]
[WhiteElo "2369"]
[BlackElo "1936"]
[PlyCount "0"]
[EventDate "2013.07.06"]
[EventRounds "9"]
[EventCountry "SVK"]

1. e4 {[%clk 1:30:59]} c5 {[%clk 1:30:38]} 2. Nf3 {[%clk 1:31:27]} d6
{[%clk 1:30:46]} 3. d3 {[%clk 1:30:34]} g6 {[%clk 1:29:45]} 4. g3
{[%clk 1:31:01]} Bg7 {[%clk 1:29:23]} 5. Bg2 {[%clk 1:31:30]} Nc6
{[%clk 1:29:11]} 6. O-O {[%clk 1:31:58]} Nf6 {[%clk 1:29:06]} 7. c3
{[%clk 1:30:23]} O-O {[%clk 1:25:48]} 8. Qe2 {[%clk 1:26:01]} Bg4
{[%clk 1:14:24]} 9. h3 {[%clk 1:25:47]} Bxf3 {[%clk 1:10:09]} 10. Qxf3
{[%clk 1:21:30]} Rc8 {[%clk 1:08:19]} 11. Na3 {[%clk 1:13:51]} a6
{[%clk 1:00:50]} 12. Bd2 {[%clk 1:08:08]} b5 {[%clk 1:00:23]} 13. g4
{[%clk 1:04:12]} b4 {[%clk 0:53:23]} 14. Nc4 {[%clk 1:03:09]} Nd7
{[%clk 0:52:30]} 15. Qe2 {[%clk 0:57:23]} Nb6 {[%clk 0:51:03]} 16. Nxb6
{[%clk 0:52:48]} Qxb6 {[%clk 0:49:50]} 17. Rfc1 {[%clk 0:47:49]} Rb8
{[%clk 0:46:00]} 18. Qd1 {[%clk 0:34:21]} Rfc8 {[%clk 0:42:50]} 19. Kh1
{[%clk 0:28:12]} bxc3 {[%clk 0:40:18]} 20. bxc3 {[%clk 0:28:34]} Qa5
{[%clk 0:38:09]} 21. Qc2 {[%clk 0:24:11]} Rb6 {[%clk 0:33:07]} 22. Rab1
{[%clk 0:23:01]} Rcb8 {[%clk 0:32:32]} 23. Rxb6 {[%clk 0:21:48]} Qxb6
{[%clk 0:32:49]} 24. f4 {[%clk 0:19:57]} Qb2 {[%clk 0:21:58]} 25. e5
{[%clk 0:16:01]} Nd8 {[%clk 0:21:47]} 26. exd6 {[%clk 0:14:01]} exd6
{[%clk 0:22:06]} 27. Bd5 {[%clk 0:13:19]} Qxc2 {[%clk 0:21:32]} 28. Rxc2
{[%clk 0:13:47]} Rb1+ {[%clk 0:21:51]} 29. Kg2 {[%clk 0:11:40]} Ne6
{[%clk 0:21:53]} 30. a4 {[%clk 0:07:09]} Bxc3 {[%clk 0:17:20]} 31. Bxe6
{[%clk 0:03:08]} Bxd2 {[%clk 0:17:38]} 32. Ba2 {[%clk 0:02:51]} Rd1
{[%clk 0:18:04]} 33. Kf3 {[%clk 0:01:59]} Bb4 {[%clk 0:17:43]} 34. Ke4
{[%clk 0:01:37]} Rd2 {[%clk 0:17:25]} 35. Rxd2 {[%clk 0:01:37]} Bxd2 1/2-1/2

[Event "V4 OPEN - International Championship of Slovakia 2
[Site "Banska Stiavnica"]
[Date "2013.07.11"]
[Round "6"]
[Board "10"]
[White "Fodor, Tamas Jr."]
[Black "Petran, Peter"]
[Result "1/2-1/2"]
[WhiteElo "2455"]
[BlackElo "2324"]
[PlyCount "0"]
[EventDate "2013.07.06"]
[EventRounds "9"]
[EventCountry "SVK"]

1. d4 {[%clk 1:30:54]} g6 {[%clk 1:30:18]} 2. c4 {[%clk 1:31:18]} f5
{[%clk 1:30:36]} 3. g3 {[%clk 1:30:54]} Bg7 {[%clk 1:30:57]} 4. Bg2
{[%clk 1:31:18]} d6 {[%clk 1:31:18]} 5. Nf3 {[%clk 1:31:10]} c6 {[%clk 1:31:41]}
6. O-O {[%clk 1:31:34]} Nh6 {[%clk 1:31:58]} 7. Nc3 {[%clk 1:31:29]} O-O
{[%clk 1:32:20]} 8. b3 {[%clk 1:30:43]} Nf7 {[%clk 1:32:33]} 9. Bb2
{[%clk 1:29:19]} e5 {[%clk 1:32:54]} 10. e3 {[%clk 1:24:12]} Nd7 {[%clk 1:31:48]}
11. b4 {[%clk 1:23:06]} e4 {[%clk 1:27:42]} 12. Nd2 {[%clk 1:23:29]} Nf6
{[%clk 1:28:05]} 13. Rc1 {[%clk 1:21:23]} Be6 {[%clk 1:27:10]} 14. a4
{[%clk 1:20:02]} d5 {[%clk 1:21:51]} 15. cxd5 {[%clk 1:18:53]} cxd5
{[%clk 1:22:03]} 16. Ba3 {[%clk 1:18:10]} Qd7 {[%clk 1:21:21]} 17. Qb3
{[%clk 1:13:36]} Rfc8 {[%clk 1:20:36]} 18. Ne2 {[%clk 1:13:25]} g5
{[%clk 1:20:01]} 19. b5 {[%clk 1:12:16]} Nd6 {[%clk 1:15:31]} 20. Bxd6
{[%clk 1:03:55]} Qxd6 {[%clk 1:15:23]} 21. f4 {[%clk 1:04:15]} g4
{[%clk 1:09:56]} 22. Rxc8+ {[%clk 1:00:19]} Rxc8 {[%clk 1:08:41]} 23. Rc1
{[%clk 1:00:45]} Rxc1+ {[%clk 1:07:52]} 24. Nxc1 {[%clk 1:01:10]} Qc7
{[%clk 1:06:36]} 25. Na2 {[%clk 1:01:29]} Bf8 {[%clk 1:06:34]} 26. Bf1
{[%clk 1:01:55]} Kf7 {[%clk 1:04:40]} 27. Be2 {[%clk 1:01:20]} h5
{[%clk 1:04:24]} 28. Nc3 {[%clk 0:58:04]} Qa5 {[%clk 1:02:05]} 29. Kg2
{[%clk 0:56:03]} Bb4 {[%clk 0:58:18]} 30. Ndb1 {[%clk 0:56:28]} Be7
{[%clk 0:57:48]} 31. Qc2 {[%clk 0:53:49]} Qc7 {[%clk 0:53:57]} 32. Bd1
{[%clk 0:50:32]} Qc8 {[%clk 0:54:06]} 33. Ne2 {[%clk 0:50:41]} Qd8
{[%clk 0:50:11]} 34. Qa2 {[%clk 0:49:52]} b6 {[%clk 0:44:00]} 35. Bb3
{[%clk 0:49:57]} 1/2-1/2